Urban world (Record no. 101225)
[ view plain ]
| 000 -LEADER | |
|---|---|
| fixed length control field | 00553nam a22001457a 4500 |
| 005 - DATE AND TIME OF LATEST TRANSACTION | |
| control field | 20160711170006.0 |
| 008 - FIXED-LENGTH DATA ELEMENTS--GENERAL INFORMATION | |
| fixed length control field | 160711b xxu||||| |||| 00| 0 eng d |
| 022 ## - INTERNATIONAL STANDARD SERIAL NUMBER | |
| International Standard Serial Number | 2349-0241 |
| 245 ## - TITLE STATEMENT | |
| Title | Urban world |
| 260 ## - PUBLICATION, DISTRIBUTION, ETC. (IMPRINT) | |
| Place of publication, distribution, etc | Mumbai |
| Name of publisher, distributor, etc | All India Institute of Local Self-Government |
| 300 ## - PHYSICAL DESCRIPTION | |
| Extent | v. : |
| Dimensions | 28 cm. |
| 310 ## - CURRENT PUBLICATION FREQUENCY | |
| Current publication frequency | Quarterly |
| 270 ## - ADDRESS | |
| Address | M.N.Roy Human Development Campus,Pilt No.6, TPS Road No.12'F' BlockOpp. Government Colony Bldg. No.326,Bandra(East) |
| City | Mumbai |
| Country | India |
| Electronic mail address | dirctor.aiilsg@gmail.com |
| Public note | www.hardnewsmedia.com |
| Postal code | 400051 |
| 942 ## - ADDED ENTRY ELEMENTS (KOHA) | |
| Source of classification or shelving scheme | Dewey Decimal Classification |
| Item type | Periodicals |
| Serial record | 1 |
| Call number suffix | URB |
| Withdrawn status | Lost status | Source of classification or shelving scheme | Damaged status | Not for loan | Collection code | Home library | Current library | Date acquired | Source of acquisition | Total Checkouts | Full call number | Date last seen | Price effective from | Koha item type |
|---|---|---|---|---|---|---|---|---|---|---|---|---|---|---|
| Dewey Decimal Classification | Not For Loan | Non-fiction | D.B.Act.Division | D.B.Act.Division | 11/07/2016 | DBAD/PUB | URB | 11/07/2016 | 11/07/2016 | Periodicals |
